| 000 | 01418nam a2200325 i 4500 | ||
|---|---|---|---|
| 001 | 000030835 | ||
| 003 | DO-SdBNP | ||
| 005 | 20260309113440.0 | ||
| 007 | ta | ||
| 008 | 140211s2012 dr a 001 j spa d | ||
| 020 | _a9789945492040 | ||
| 040 |
_aDO-SdBNP _bspa _cBNPHU _erda |
||
| 041 | _aspa | ||
| 082 | 4 |
_aRD863.44 _bS211of _222 |
|
| 100 | 1 |
_aSánchez, Enriquillo, _d1947-2004 _eautor _4aut. _926468 |
|
| 245 | 1 | 0 |
_aOferta de empleo y otros cuentos / _cEnriquillo Sánchez ; prólogo, José Rafael Lantigua ; ilustraciones, Jorge Severino. |
| 264 | 4 |
_aSanto Domingo, República Dominicana : _bEdiciones Ferilibro, _c©2012. |
|
| 300 |
_a90 páginas : _bilustraciones, retratos ; _c23 cm. |
||
| 336 |
_atexto _btxt _2rdacontent |
||
| 337 |
_asin mediación _bn _2rdamedia |
||
| 338 |
_avolumen _bnc _2rdacarrier |
||
| 505 | 0 |
_aPrólogo / _rJosé Rafael Lantigua, _t Flor de los sepulcros -- _tLa montaña azul -- _t Belinda (Homenaje a Julio Cortázar) -- _t Rayada de pez como la noche -- _tOferta de empleo -- _tPapá Anselmo ya no me habla -- _tMaritza, no dejes que se te vaya el odio al yanqui. |
|
| 590 | _aInventariado, 2020/YL | ||
| 650 | 4 |
_aCuentos dominicanos _9176 |
|
| 650 | 4 |
_aLiteratura dominicana. _967 |
|
| 700 | 1 |
_aLantigua, José Rafael, _d1949- _eprologuista _4pr. _91438 |
|
| 700 | 1 |
_aSeverino, Jorge, _eilustrador _4il. _957379 |
|
| 910 | _aValidado. Control de calidad MFF | ||
| 942 |
_2ddc _cLBS1 |
||
| 999 |
_c30327 _d30327 |
||